| 000 | 00312 a2200109 4500 | ||
|---|---|---|---|
| 020 | _a0071138447 | ||
| 082 | _a620.0011 BUR | ||
| 100 | _aBurton, T. D. | ||
| 245 |
_aIntroduction to Dynamic Systems Analysis _cT. D. Burton |
||
| 260 |
_aNew York : _bMc Graw Hill, _c1994 |
||
| 300 |
_axix, 700p. : _bill . ; _c25 cm |
||
| 650 | _aSystems Engineering | ||
| 999 |
_c724 _d724 |
||